000
00255nam a22001097a 4500
082
_a
621.38131 MOO'T
100
_a
MOORE, RICHARD K
_9
74096
245
_a
TRAVELING WAVE ENGINEERING
260
_a
NEWYORK
_b
MCGRAW HILL
_c
1960
300
_a
360P
942
_c
BK
999
_c
579671
_d
579671